U.S. Presidents and Veeps that are Words - Statistics

General Stats
  • This quiz has been taken 11,236 times
  • The average score is 5 of 13
Answer Stats
Definition President / Veep % Correct
Shrub George Bush
94%
Male monarch William R. King
86%
Vacuum cleaner (esp. in the United Kingdom) Herbert Hoover
72%
A shallow part of the river which allows for crossing Gerald Ford
50%
Blood and open wounds Al Gore
41%
Suit of playing cards which outranks all others Donald Trump
41%
Plural of penny Mike Pence
39%
Obsolete term for who makes wheels William Wheeler
31%
To give; to bestow upon Ulysses S. Grant
28%
To puncture Franklin Pierce
27%
One employed to haul goods on a horse-drawn cart Jimmy Carter
27%
A trilling of the letter R characteristic of the Scottish accent Aaron Burr
9%
To reap grain, gather it, and store it in a granary John Garner
3%
No matching quizzes found
Score Distribution
Percent of People with Each Score
Percentile by Number Answered
Your Score History
You have not taken this quiz